Race Winners in the 2010s - Statistics

General Stats
  • This quiz has been taken 19 times
  • The average score is 11 of 12
Answer Stats
Wins Driver % Correct
11 Fernando Alonso
100%
3 Kimi Räikkönen
100%
73 Lewis Hamilton
100%
48 Sebastian Vettel
100%
7 Valtteri Bottas
100%
7 Daniel Ricciardo
92%
8 Max Verstappen
92%
23 Nico Rosberg
92%
2 Charles Leclerc
83%
8 Jenson Button
83%
7 Mark Webber
83%
1 Pastor Maldonado
75%
No matching quizzes found
Score Distribution
Percent of People with Each Score
Percentile by Number Answered
Your Score History
You have not taken this quiz